000 00330nam a22001337a 4500
008 170530b xxu||||| |||| 00| 0 eng d
020 _a9780674925960
041 _aeng
080 _a94(7/8)
100 _a16
101 _aSHH
245 _aTHE UNITED STATES AND LATIN AMERICA THE NEW AGENDA
_cBULMER.V
942 _2udc
_cBK
999 _c14998
_d14998